Catalog

Record Details

Catalog Search



Touha po Paříži, stesk po Praze : život ve vlastních svědectvích  Cover Image Book Book

Touha po Paříži, stesk po Praze : život ve vlastních svědectvích / Joseph Roth ; [sestavil Helmut Peschina ; přeložila Zlata Kufnerová]

Record details

  • ISBN: 978-80-7319-099-6
  • Physical Description: 325 s ; 20 cm
  • Edition: Vyd. 1.
  • Publisher: Jinočany : H & H Vyšehradská, 2011

Content descriptions

General Note:
Přeloženo z němčiny
Bibliography, etc. Note:
Obsahuje bibliografické odkazy
Subject: Roth, Joseph, 1894-1939
rakouští spisovatelé > 20. století
Austrian authors > 20th century
Genre: rakouské prózy
korespondence
úvahy
Austrian prose
correspondence
essays

Available copies

  • 1 of 1 copy available at Common Catalog SPOK.

Holds

  • 0 current holds with 1 total copy.
Show All Copies
Location Call Number / Copy Notes Barcode Shelving Location Status Due Date
The Jewish community of Prague K 3876 4638301649 K - Beletrie Available -

Electronic resources

Version of Resource: Digitalizovaný dokument


LDR 01895cam a2200505 a 4500
00153394
003CZ-PrJAB
00520180122235010.0
007ta
008120112s2011 xr g 000 1acze d
015 . ‡acnb002340281
020 . ‡a978-80-7319-099-6 ‡q(brož.)
035 . ‡a(CZ PrNK)nkc20122340281
035 . ‡a(OCoLC)823820615
040 . ‡aOSA001 ‡bcze ‡dABA001
0411 . ‡acze ‡hger
072 7. ‡a821.112.2-3 ‡xNěmecká próza, německy psaná ‡2Konspekt ‡925
072 7. ‡a929 ‡xBiografie ‡2Konspekt ‡98
080 . ‡a821.112.2(436)-051 ‡2MRF
080 . ‡a929 ‡2MRF
080 . ‡a821.112.2(436)-3 ‡2MRF
080 . ‡a(0:82-3) ‡2MRF
080 . ‡a(0:82-6) ‡2MRF
080 . ‡a(0:82-4) ‡2MRF
1001 . ‡aRoth, Joseph, ‡d1894-1939 ‡7jn19990007176 ‡4aut
24510. ‡aTouha po Paříži, stesk po Praze : ‡bživot ve vlastních svědectvích / ‡cJoseph Roth ; [sestavil Helmut Peschina ; přeložila Zlata Kufnerová]
250 . ‡aVyd. 1.
260 . ‡aJinočany : ‡bH & H Vyšehradská, ‡c2011
300 . ‡a325 s ; ‡c20 cm
500 . ‡aPřeloženo z němčiny
504 . ‡aObsahuje bibliografické odkazy
60017. ‡aRoth, Joseph, ‡d1894-1939 ‡7jn19990007176 ‡2czenas
65007. ‡arakouští spisovatelé ‡7ph125026 ‡y20. století ‡2czenas
65009. ‡aAustrian authors ‡y20th century ‡2eczenas
655 7. ‡arakouské prózy ‡7fd202942 ‡2czenas
655 7. ‡akorespondence ‡7fd132681 ‡2czenas
655 7. ‡aúvahy ‡7fd134000 ‡2czenas
655 9. ‡aAustrian prose ‡2eczenas
655 9. ‡acorrespondence ‡2eczenas
655 9. ‡aessays ‡2eczenas
7001 . ‡aPeschina, Helmut, ‡d1943- ‡7xx0145981 ‡4com
7650 . ‡tSehnsucht nach Paris, Heimweh nach Prag (Ein Leben in Selbstzeugnissen) ‡9Česky
85641. ‡uhttp://krameriusndk.nkp.cz/search/handle/uuid:f39e8820-b26a-11e7-a6f3-005056827e52 ‡yDigitalizovaný dokument
910 . ‡aABE461
995 . ‡aska
901 . ‡a53394 ‡bAUTOGEN ‡c53394 ‡tbiblio

Additional Resources